[Event "Niederbayernliga 0809"]
[Site "Germany"]
[Date "2008.12.14"]
[Round "4.8"]
[White "Schwarz, Hannes"]
[Black "Plachi, Franz"]
[Result "0-1"]
[WhiteElo "1461"]
[BlackElo "1548"]
[PlyCount "80"]
[EventDate "2008.10.05"]
[EventType "team-tourn"]
[EventRounds "9"]
[EventCountry "GER"]
[SourceTitle "EXT 2010"]
[Source "ChessBase"]
[SourceDate "2010.11.25"]
[SourceVersion "1"]
[SourceVersionDate "2010.11.25"]
[SourceQuality "1"]
[WhiteTeam "Bayerwald"]
[BlackTeam "Straubing"]
[WhiteTeamCountry "GER"]
[BlackTeamCountry "GER"]

1. c4 Nf6 2. Nc3 e6 3. Nf3 Be7 4. g3 d5 5. cxd5 exd5 6. d4 Be6 7. Bg2 0-0 8. 0-0 c6 9. Bd2 Nbd7 10. Re1 Nb6 11. b3 Re8 12. e3 Bg4 13. Qc2 Qc8 14. Ne2 Bd6 15. Rac1 Bf5 16. Qb2 Ne4 17. Ba5 Bh3 18. Rc2 Bxg2 19. Kxg2 Qg4 20. Ne5 Qf5 21. Nd3 Ng5 22. Nef4 Qe4+ 23. Kf1 Nf3 24. Nc5 Bxc5 25. dxc5 Nxe1 26. Kxe1 Nd7 27. h4 Ne5 28. Bc3 f6 29. Re2 Kf7 30. Bxe5 Rxe5 31. Rd2 Rae8 32. Rd4 Qh1+ 33. Kd2 Re4 34. Rd3 Qg1 35. Ke2 Qh2 36. Kf1 Rxe3 37. Rxe3 Rxe3 38. Ne2 Rf3 39. Ng1 Rf5 40. Qd4 Qxg3 0-1